[Event "LTU-chT 2019"]
[Site "Lithuania"]
[Date "2019.03.30"]
[Round "3.2"]
[White "Krivonosov, Oleg"]
[Black "Malisauskas, Vidmantas"]
[Result "1-0"]
[WhiteElo "2398"]
[BlackElo "2451"]
[Annotator "TA"]
[PlyCount "59"]
[EventDate "2019.01.26"]
[EventType "team-tourn"]
[EventCountry "LTU"]
[SourceTitle "playchess.com"]
[Source "ChessBase"]
[SourceQuality "1"]

{[%evp 11,59,45,52,55,55,50,84,64,89,89,92,82,100,67,82,84,90,82,82,68,93,78,80,82,98,92,103,113,118,104,142,133,129,139,157,149,155,158,172,157,188,183,284,290,338,281,370,358,374,358]} 1. Nf3 c5 2. c4 g6 3. d4 cxd4 4. Nxd4 Bg7 5. e4 Nf6 6. Nc3 O-O 7. Be2 {A31: Symmetrical English: 2 Nf3 Nf6 3 d4} a6 (7... Nc6 8. Be3 d6 9. Qd2 Qa5 10. f3 Nxd4 11. Bxd4 Be6 12. b3 Rfc8 13. Rc1 a6 14. Be3 b5 15. Nd5 Qxd2+ 16. Kxd2 Nxd5 17. cxd5 Bd7 18. Rxc8+ Rxc8 19. Rc1 Rxc1 20. Kxc1 Kf8 21. Kc2 Ke8 22. Bb6 e6 23. dxe6 fxe6 24. Kd3 Bc6 25. f4 e5 26. g3 d5 27. exd5 Bxd5 28. fxe5 Bxe5 {½-½ (50) Li,C (2745)-Nguyen,N (2629) Ashkhabad 2017}) 8. Be3 e5 9. Nc2 $146 {White is better.} ({Predecessor:} 9. Nb3 Nc6 10. O-O d6 11. f3 Be6 12. Qd2 Qb8 13. Rfd1 b5 14. cxb5 axb5 15. Nxb5 {0-1 (32) Relidzynski,T-Rak,T Poland corr 1986}) 9... d6 10. O-O Nc6 11. Qd2 Ng4 12. Bxg4 (12. Bg5 {is more complex.} f6 13. Bh4 Nh6 14. f3 Ne7 15. Ne3) 12... Bxg4 13. b3 Re8 14. f3 Be6 15. Rfd1 Bf8 16. Nd5 Bxd5 17. cxd5 Ne7 18. Rac1 Qd7 19. Na3 b5 20. Qa5 Rec8 21. Rxc8 Nxc8 {[#]} 22. Rc1 $1 Be7 23. Qc7 Qxc7 24. Rxc7 Kf8 25. Nc2 a5 26. Na3 Rb8 {[#]} (26... b4 {might work better.}) 27. Nxb5 $1 $18 Bd8 28. Rc6 Ke7 29. Nxd6 Nxd6 30. Bc5 {Accuracy: White = 87%, Black = 33%.} 1-0

[Event "LTU-chT 2019"]
[Site "Lithuania"]
[Date "2019.03.30"]
[Round "3.3"]
[White "Novik, Maxim"]
[Black "Sakalauskas, Vaidas"]
[Result "1/2-1/2"]
[WhiteElo "2452"]
[BlackElo "2346"]
[Annotator "TA"]
[PlyCount "77"]
[EventDate "2019.01.26"]
[EventType "team-tourn"]
[EventCountry "LTU"]
[SourceTitle "playchess.com"]
[Source "ChessBase"]
[SourceQuality "1"]

{[%evp 14,77,12,8,14,19,10,0,2,14,20,28,22,12,11,20,33,40,47,45,62,53,67,68,91,87,101,43,87,26,30,4,29,29,19,8,10,6,16,0,0,0,0,0,0,0,0,-8,14,17,12,17,16,16,20,0,0,0,0,-680,14,-93,71,17,19,-97]} 1. Nf3 Nf6 2. g3 g6 3. Bg2 Bg7 4. c4 O-O 5. O-O d5 6. cxd5 Nxd5 7. Nc3 Nc6 8. d4 e5 {[%cal Re5d4] D74: Fianchetto Grünfeld: Main Line (5 Nf3 0-0 6 cxd5 Nxd5 7 0-0)} 9. Nxd5 e4 10. Ne5 (10. Nd2 Qxd5 11. e3 f5 12. b3 Be6 13. Ba3 Rfd8 14. Rc1 Qd7 15. Qc2 Rac8 16. Rfd1 {0-1 (91) Duda,J (2737)-Grischuk,A (2766) chess.com INT 2018}) 10... Qxd5 {[%mdl 64] [#] Double Attack} 11. Nxc6 Qxc6 12. d5 Qc4 $146 ({Predecessor:} 12... Qe8 13. Bf4 Bxb2 14. Rb1 Be5 15. Bh6 f5 16. Bxf8 Qxf8 {0-1 (52) Frolyanov,D (2517)-Sargsyan,S (2486) chess.com INT 2019}) 13. Bf4 c6 14. dxc6 Qxc6 15. Rc1 $36 {[%mdl 2048] White has some pressure.} Qa6 16. Bxe4 Qxa2 17. Rc7 (17. Bd5 $5 {[%cal Rd5a2]} Qxb2 18. Rc7 $14) 17... Qxb2 18. Bd5 $1 Bh3 19. Rxb7 Qf6 {[#]} 20. Re1 (20. Bd6 $1 $16) 20... Rad8 21. Qb3 ({White should try} 21. Rxa7 $16 Qd4 22. Ra5) 21... Rd7 22. e4 Qc3 23. Qxc3 Bxc3 24. Rxd7 Bxd7 25. Rc1 Bd4 26. Bh6 Rb8 27. Rc7 Be6 28. Bxe6 fxe6 $11 {[%mdl 4096] Endgame KRB-KRB} 29. Rd7 e5 30. Kg2 Rb2 31. Rg7+ Kh8 {Black wants to play ...Be3!} 32. Rf7 {[%cal Rf7f8]} Rb8 33. f4 a5 {[%cal Ba7a5,Ba5a4][%mdl 32] Threatening ...a4.} 34. f5 gxf5 35. exf5 a4 {Hoping for ...a3.} 36. Rg7 $2 {[%mdl 8192]} (36. Re7 $11) 36... e4 $2 (36... a3 $19 37. Rc7 e4) 37. Re7 (37. Rd7 $11 Bc5 38. Rc7) 37... Bf6 $2 (37... a3 $17 {keeps the pressure on. And now ...a2 would win.} 38. f6 Bxf6) 38. Rf7 ({Don't play} 38. Rxe4 Ra8 $11) (38. Ra7 $16) 38... Bd4 {Strongly threatening ...a3.} 39. Re7 {Accuracy: White = 32%, Black = 42%.} (39. Rd7 $11 {remains equal.} Bc5 40. Rc7) 1/2-1/2

[Event "LTU-chT 2019"]
[Site "Lithuania"]
[Date "2019.03.30"]
[Round "3.4"]
[White "Vedrickas, Tautvydas"]
[Black "Vaznonis, Vytautas"]
[Result "1-0"]
[WhiteElo "2390"]
[BlackElo "2388"]
[Annotator "NA"]
[PlyCount "51"]
[EventDate "2019.01.26"]
[EventType "team-tourn"]
[EventCountry "LTU"]
[SourceTitle "playchess.com"]
[Source "ChessBase"]
[SourceQuality "1"]
[TimeControl "40/5400+30:1800+30"]

1. d4 {[%emt 0:00:00]} d5 {[%emt 0:00:00]} 2. c4 {[%emt 0:00:00]} c6 {[%emt 0:00:00]} 3. Nc3 {[%emt 0:00:54]} Nf6 {[%emt 0:00:01]} 4. Nf3 {[%emt 0:00:07]} a6 {[%emt 0:00:34]} 5. Qc2 {[%emt 0:00:36]} dxc4 {[%emt 0:02:20] D15: Slav Defence: 4 Nc3 a6 and gambit lines after 4 Nc3 dxc4} 6. e4 {[%emt 0:00:52]} b5 {[%emt 0:02:32]} 7. b3 {[%emt 0:00:08]} cxb3 {[%emt 0:16:32]} 8. axb3 {[%emt 0:00:35]} e6 {[%emt 0:02:15]} 9. Bd3 {[%emt 0:00:32]} Be7 $146 {[%emt 0:19:17]} ({Predecessor:} 9... Bb7 10. e5 Nd5 11. Nxd5 cxd5 12. Bxh7 Nc6 13. Be3 {0-1 (20) Pelletier,Y (2541)-Anand,V (2786) Zuerich 2017}) 10. O-O {[%emt 0:03:05]} a5 {[%emt 0:13:00]} 11. Qe2 {[%emt 0:30:06]} b4 {[%emt 0:04:22]} 12. Na4 {[%emt 0:02:46]} Ba6 {[%emt 0:00:10]} 13. Bxa6 {[%emt 0:05:13]} Rxa6 {[%emt 0:06:56]} 14. Bf4 {[%emt 0:01:41]} Nfd7 {[%emt 0:10:01]} 15. Rfd1 {[%emt 0:05:01]} O-O {[%emt 0:02:05]} 16. Rac1 {[%emt 0:00:57]} Re8 {[%emt 0:05:25]} 17. h3 {[%emt 0:01:12]} Ra7 {[%emt 0:01:09]} 18. Be3 {[%emt 0:11:06]} Rb7 {[%emt 0:03:29]} 19. Nd2 {[%emt 0:05:25]} Bd6 {[%emt 0:05:07]} 20. f4 {[%emt 0:07:26]} Bc7 {[%emt 0:00:27]} 21. Nc4 {[%emt 0:02:36]} Qe7 {[%emt 0:01:39]} 22. Qf3 {[%emt 0:01:06]} f5 $16 {[%emt 0:01:10]} 23. exf5 {[%emt 0:01:56]} exf5 {[%emt 0:00:01]} 24. d5 {[%emt 0:00:12]} Nf6 {[%emt 0:02:55]} 25. d6 {[%emt 0:01:10]} Bxd6 {[%emt 0:00:29]} 26. Nxd6 {[%emt 0:00:32]} 1-0

[Event "LTU-chT 2019"]
[Site "Lithuania"]
[Date "2019.03.30"]
[Round "3.5"]
[White "Germanavicius, Sarunas"]
[Black "Brazdzionis, Andrius"]
[Result "1/2-1/2"]
[WhiteElo "2352"]
[BlackElo "2311"]
[Annotator "NA"]
[PlyCount "28"]
[EventDate "2019.01.26"]
[EventType "team-tourn"]
[EventCountry "LTU"]
[SourceTitle "playchess.com"]
[Source "ChessBase"]
[SourceQuality "1"]
[TimeControl "40/5400+30:1800+30"]

{[%evp 16,28,12,0,13,0,32767,14,0,0,22,18,21,32767,20]} 1. Nf3 {[%emt 0:00:00]} g6 {[%emt 0:00:00]} 2. d4 {[%emt 0:01:20]} Bg7 {[%emt 0:00:30]} 3. c4 {[%emt 0:00:30]} Nf6 {[%emt 0:02:35]} 4. Nc3 {[%emt 0:00:42]} d5 {[%emt 0:00:30]} 5. e3 {[%emt 0:01:16]} O-O {[%emt 0:00:30]} 6. Qb3 {[%emt 0:01:42]} c6 {[%emt 0:07:10]} 7. Be2 {[%emt 0:04:05]} b6 {[%emt 0:05:23]} 8. Bd2 {[%emt 0:10:42]} Ba6 {[%emt 0:07:22]} 9. Rc1 {[%emt 0:16:08]} e6 {[%emt 0:02:18]} 10. cxd5 {[%emt 0:13:54]} Bxe2 {[%emt 0:02:33]} 11. Nxe2 {[%emt 0:00:33]} Qxd5 {[%emt 0:04:00]} 12. Qxd5 {[%emt 0:08:59]} cxd5 {[%emt 0:00:30]} 13. Bb4 {[%emt 0:01:36]} Re8 {[%emt 0:00:47]} 14. Nc3 {[%emt 0:01:58]} Nc6 $11 {[%emt 0:02:48]} 1/2-1/2

[Event "LTU-chT 2019"]
[Site "Lithuania"]
[Date "2019.03.30"]
[Round "3.6"]
[White "Stauskas, Lukas"]
[Black "Zilinskas, Vaidotas"]
[Result "1-0"]
[WhiteElo "2357"]
[BlackElo "2016"]
[Annotator "NA"]
[PlyCount "52"]
[EventDate "2019.01.26"]
[EventType "team-tourn"]
[EventCountry "LTU"]
[SourceTitle "playchess.com"]
[Source "ChessBase"]
[SourceQuality "1"]
[TimeControl "40/5400+30:1800+30"]

{[%evp 9,48,10,32767,32767,32767,32767,32767,32767,32767,11,27,18,35,35,53,11,7,12,24,9,1,0,46,-36,16,0,29,17,105,127,250,226,231,229,411,435,557,373,357,388,346]} 1. d4 {[%emt 0:00:00]} c6 {[%emt 0:00:00]} 2. c4 {[%emt 0:00:00]} d5 {[%emt 0:00:23]} 3. Nf3 {[%emt 0:00:00]} Nf6 {[%emt 0:00:12]} 4. Nc3 {[%emt 0:00:13]} e6 {[%emt 0:00:41]} 5. e3 {[%emt 0:00:40]} Bb4 {[%emt 0:02:10]} 6. Qc2 {[%emt 0:02:10]} O-O {[%emt 0:00:35] D45: Semi-Slav: 5 e3} 7. Bd3 {[%emt 0:01:00]} dxc4 {[%emt 0:10:30]} (7... Re8 8. a3 Bf8 9. e4 e5 10. dxe5 Ng4 11. cxd5 Nd7 12. h3 Ngxe5 13. Nxe5 Nxe5 14. Be3 {1-0 (50) Jandourek,L (2254)-Bargel,M (2178) Czech Republic 2018}) 8. Bxc4 {[%emt 0:00:02]} c5 {[%emt 0:01:46]} 9. O-O {[%emt 0:05:03]} cxd4 {[%emt 0:01:58]} 10. exd4 {[%emt 0:00:38]} Nbd7 {[%emt 0:02:02]} 11. Bg5 {[%emt 0:06:00]} Qa5 $146 {[%emt 0:04:54]} ({Predecessor:} 11... Bxc3 12. bxc3 Qc7 13. Bd3 b6 14. Rac1 Bb7 15. Qe2 Rac8 16. c4 Qd6 17. Rfd1 Rfe8 18. Bh4 h6 19. Ne5 Qf8 20. Bc2 Nxe5 21. dxe5 Nh7 22. Rd7 Bc6 23. Rxa7 {½-½ (38) Niebling,F (2059)-Meinke,D (1906) Buesum 2017}) 12. Rfe1 {[%emt 0:05:28]} b5 {[%emt 0:02:19]} 13. Bd3 {[%emt 0:12:19]} Bb7 {[%emt 0:00:38]} 14. Ne5 {[%emt 0:00:42]} h6 {[%emt 0:00:57]} 15. Bd2 {[%emt 0:09:34]} Rac8 {[%emt 0:03:55]} 16. Re3 {[%emt 0:09:21]} ({White should play} 16. a3 $14 Bxc3 17. bxc3 (17. Bxc3 Qd8 $11)) 16... Bd6 {[%emt 0:04:36]} ({Better is} 16... Rfd8 $15) 17. Qd1 {[%emt 0:02:54]} ({Not} 17. Nxb5 $2 {[#]} Qxb5 $1 {[%mdl 512]} 18. Bxb5 (18. Qxc8 $2 Qd5 $19) 18... Rxc2 $19) 17... b4 {[%emt 0:01:18]} 18. Nb5 {[%emt 0:01:57]} Bxe5 {[%emt 0:05:32]} (18... Bb8 $1 $11) 19. dxe5 {[%emt 0:00:12]} Nxe5 {[%emt 0:01:55]} (19... Ne4 $16 {was worth a try.}) 20. Rxe5 {[%emt 0:00:27]} Rfd8 {[%emt 0:00:19] [#]} 21. Qe2 $1 {[%emt 0:01:59]} Rxd3 $2 {[%emt 0:05:43]} (21... Qb6 22. Be3 (22. Bxb4 a6 $16) 22... Qc6) 22. Qxd3 {[%emt 0:00:19]} a6 {[%emt 0:00:08]} 23. Nd6 {[%emt 0:02:51]} Qxe5 {[%emt 0:02:20]} 24. Nxc8 {[%emt 0:00:07]} ({Not} 24. Nxb7 Nd5 $16) 24... Bxc8 $18 {[%emt 0:01:06]} 25. Qd8+ {[%emt 0:02:15]} Kh7 {[%emt 0:00:15]} 26. Qxc8 {[%emt 0:00:06]} Qxb2 {[%emt 0:00:13]} 1-0

[Event "LTU-chT 2019"]
[Site "Lithuania"]
[Date "2019.03.30"]
[Round "3.7"]
[White "Tamosaitis, Rimas"]
[Black "Narmontas, Tauras"]
[Result "1/2-1/2"]
[WhiteElo "2090"]
[BlackElo "2244"]
[Annotator "NA"]
[PlyCount "127"]
[EventDate "2019.01.26"]
[EventType "team-tourn"]
[EventCountry "LTU"]
[SourceTitle "playchess.com"]
[Source "ChessBase"]
[SourceQuality "1"]
[TimeControl "40/5400+30:1800+30"]

1. d4 {[%emt 0:00:00]} Nf6 {[%emt 0:02:49]} 2. Bg5 {[%emt 0:00:00]} d5 {[%emt 0:02:07]} 3. Bxf6 {[%emt 0:00:00]} exf6 {[%emt 0:00:03]} 4. e3 {[%emt 0:00:11]} Bd6 {[%emt 0:00:59]} 5. c4 {[%emt 0:00:17]} dxc4 {[%emt 0:00:59]} 6. Bxc4 {[%emt 0:00:08]} O-O {[%emt 0:00:19]} 7. Nc3 {[%emt 0:00:24]} a6 {[%emt 0:00:48] D00: 1 d4 d5: Unusual lines} (7... Nd7 8. Nge2 f5 9. O-O Nf6 10. Rc1 c6 11. a3 Qe7 12. Qc2 Be6 13. Bxe6 Qxe6 14. h3 Rfe8 15. Rfd1 Rad8 {½-½ (61) Adams,M (2744)-Hebden,M (2467) London 2016}) 8. Nge2 {[%emt 0:00:43]} b5 {[%emt 0:00:47]} 9. Bd5 {[%emt 0:00:16]} Ra7 $146 {[%emt 0:00:26]} ({Predecessor:} 9... c6 10. Bf3 Ra7 11. O-O f5 12. Qc2 Rc7 13. a3 Re8 14. b4 g6 15. Nc1 {½-½ (73) Enneper,E (2181)-Schracke,G (2234) Germany 2006}) 10. O-O {[%emt 0:00:36]} b4 {[%emt 0:00:23]} 11. Ne4 {[%emt 0:01:48]} Bxh2+ {[%emt 0:00:08]} 12. Kxh2 {[%emt 0:00:02]} Qxd5 {[%emt 0:00:06]} 13. Nc5 {[%emt 0:00:21]} Nd7 {[%emt 0:01:17]} 14. Nf4 {[%emt 0:00:40]} Qd6 {[%emt 0:00:17]} 15. Ne4 {[%emt 0:02:23]} Qe7 {[%emt 0:00:33]} 16. Ng3 {[%emt 0:00:08]} Nb6 {[%emt 0:01:09]} 17. Qh5 {[%emt 0:00:49]} Rd8 {[%emt 0:01:26]} 18. Rac1 {[%emt 0:00:30]} Be6 {[%emt 0:01:01]} 19. Nxe6 {[%emt 0:15:14]} Qxe6 {[%emt 0:10:14]} 20. Qa5 {[%emt 0:00:26]} b3 {[%emt 0:06:43]} 21. axb3 {[%emt 0:13:59]} Qxb3 {[%emt 0:02:27]} 22. Rc3 {[%emt 0:00:33]} Qxb2 {[%emt 0:01:40]} 23. Rc5 {[%emt 0:03:14]} h6 {[%emt 0:11:43]} 24. Kg1 {[%emt 0:00:56]} Qb3 {[%emt 0:01:05]} 25. Rfc1 {[%emt 0:02:28]} Rd7 {[%emt 0:00:24]} 26. Qa1 {[%emt 0:06:29]} Nd5 {[%emt 0:07:33]} 27. Rb1 Qd3 {[%emt 0:00:09]} 28. Rd1 {[%emt 0:02:51] [#]} Qg6 $1 {[%emt 0:00:44]} 29. e4 {[%emt 0:00:46]} (29. Qa4 $15 Qg4 30. Ra1) 29... Ne7 {[%emt 0:04:37]} 30. Qa4 {[%emt 0:03:47]} Qg4 {[%emt 0:02:56]} 31. Rb1 {[%emt 0:13:20]} Rd8 {[%emt 0:02:57]} 32. Ra5 {[%emt 0:01:50]} Qd7 {[%emt 0:00:41]} 33. Qxd7 {[%emt 0:01:48]} Rxd7 {[%emt 0:00:13]} 34. d5 {[%emt 0:00:21]} c6 {[%emt 0:00:49]} 35. Nf5 {[%emt 0:01:38]} Nxf5 {[%emt 0:01:29]} 36. dxc6 {[%emt 0:00:40]} Rdc7 {[%emt 0:00:13]} 37. exf5 {[%emt 0:01:39]} Rxc6 {[%emt 0:00:02]} 38. Rb8+ {[%emt 0:00:45]} Kh7 {[%emt 0:00:02]} 39. Rd5 {[%emt 0:00:47]} g6 {[%emt 0:02:13]} 40. g4 {[%emt 0:01:01] [#]} Rc4 $1 {[%emt 0:02:45]} 41. f3 {[%emt 0:31:13]} h5 {[%emt 0:33:20]} 42. gxh5 {[%emt 0:02:39]} gxh5 {[%emt 0:01:49]} 43. Kg2 {[%emt 0:07:59]} a5 {[%emt 0:16:22]} 44. Kh3 {[%emt 0:03:36]} a4 {[%emt 0:05:22]} 45. Rdd8 {[%emt 0:02:57]} Kh6 {[%emt 0:00:10]} 46. Rg8 {[%emt 0:00:17]} Rac7 $11 {[%emt 0:00:31]} 47. Ra8 {[%emt 0:07:13]} Rc3 {[%emt 0:00:00]} 48. Rg3 {[%emt 0:00:00]} Rc8 {[%emt 0:00:00]} 49. Rxa4 {[%emt 0:00:00]} R3c5 {[%emt 0:00:00]} 50. Rf4 {[%emt 0:00:00]} Rc1 {[%emt 0:00:00]} 51. Rb4 {[%emt 0:00:00]} R8c2 {[%emt 0:00:00]} 52. Rg2 {[%emt 0:00:00]} Rc3 {[%emt 0:00:35]} 53. Rg3 {[%emt 0:00:00]} Rh1+ {[%emt 0:02:51]} 54. Kg2 {[%emt 0:00:00]} Rcc1 {[%emt 0:00:36]} 55. Kf2 {[%emt 0:00:00]} Rh2+ {[%emt 0:02:05]} 56. Ke3 {[%emt 0:00:00]} Rc3+ {[%emt 0:02:26]} 57. Kd4 {[%emt 0:00:00]} h4 {[%emt 0:00:08]} 58. Rg4 {[%emt 0:00:00]} Rxf3 {[%emt 0:00:15]} 59. Rb8 {[%emt 0:00:00]} Kh5 {[%emt 0:01:15]} 60. Rg7 {[%emt 0:00:00]} Kh6 {[%emt 0:00:11]} 61. Rg4 {[%emt 0:00:00]} Kh5 {[%emt 0:00:01]} 62. Rg7 {[%emt 0:00:00]} Rf4+ 63. Ke3 Kh6 64. Rg1 1/2-1/2

[Event "LTU-chT 2019"]
[Site "Lithuania"]
[Date "2019.03.30"]
[Round "3.8"]
[White "Dubovikas, Tomas"]
[Black "Bagvilas, Lukas"]
[Result "1/2-1/2"]
[WhiteElo "2171"]
[BlackElo "1973"]
[Annotator "NA"]
[PlyCount "112"]
[EventDate "2019.01.26"]
[EventType "team-tourn"]
[EventCountry "LTU"]
[SourceTitle "playchess.com"]
[Source "ChessBase"]
[SourceQuality "1"]
[TimeControl "40/5400+30:1800+30"]

1. f4 {[%emt 0:00:00]} d5 {[%emt 0:00:59]} 2. Nf3 {[%emt 0:00:00]} Nc6 {[%emt 0:00:54]} 3. e3 {[%emt 0:00:00]} Bg4 {[%emt 0:01:39]} 4. Bb5 {[%emt 0:00:17]} Qd6 {[%emt 0:02:28]} 5. h3 {[%emt 0:05:08]} (5. b3 Nh6 6. Bb2 f6 7. O-O O-O-O 8. c4 Nf5 9. Nc3 dxc4 10. bxc4 Bxf3 11. Qxf3 Qxd2 12. Bxc6 bxc6 13. Qxc6 {1-0 (20) Williams,S (2455)-Ledger,D (2262) England 2014}) 5... Bxf3 {[%emt 0:00:02]} 6. Qxf3 {[%emt 0:00:08] A03: Bird's Opening with 1...d5} O-O-O {[%emt 0:00:04]} 7. d4 {[%emt 0:08:48]} Nf6 {[%emt 0:00:22]} 8. a3 $146 {[%emt 0:06:50]} ({Predecessor:} 8. c3 Ne4 9. Nd2 Nxd2 10. Bxd2 f5 11. Bd3 e6 12. g4 g6 {½-½ (25) Stockman,X (1810)-Van Herck,M (2109) Brasschaat 2010}) 8... Rg8 {[%emt 0:00:56]} 9. Nc3 {[%emt 0:19:10]} g5 {[%emt 0:03:43]} 10. g3 {[%emt 0:07:52]} gxf4 {[%emt 0:04:16]} 11. gxf4 {[%emt 0:00:07]} a6 {[%emt 0:01:18]} 12. Bd3 {[%emt 0:00:45]} Na7 {[%emt 0:07:35]} 13. b4 {[%emt 0:04:59]} e6 {[%emt 0:02:01]} 14. Bd2 {[%emt 0:04:45]} Be7 {[%emt 0:00:10]} 15. Rb1 {[%emt 0:01:56]} Rg7 {[%emt 0:00:19]} 16. Kf2 {[%emt 0:14:05]} Rdg8 {[%emt 0:05:23]} 17. Rbg1 {[%emt 0:00:01]} a5 {[%emt 0:06:41]} 18. Rxg7 {[%emt 0:04:46]} Rxg7 {[%emt 0:00:01]} 19. Rb1 {[%emt 0:04:29]} axb4 {[%emt 0:00:12]} 20. axb4 {[%emt 0:00:04]} Nc6 {[%emt 0:02:20]} 21. Ne2 {[%emt 0:02:26]} Bd8 {[%emt 0:04:42]} 22. b5 Ne7 {[%emt 0:00:11]} 23. Bb4 {[%emt 0:02:39]} Qd7 {[%emt 0:00:34]} 24. Ra1 {[%emt 0:01:48]} Kb8 {[%emt 0:00:02]} 25. Bxe7 {[%emt 0:01:13]} Qxe7 {[%emt 0:00:58]} 26. Rg1 {[%emt 0:02:04]} Rxg1 {[%emt 0:00:08]} 27. Nxg1 {[%emt 0:02:32]} Qb4 {[%emt 0:00:35]} 28. Ke2 {[%emt 0:03:27]} Ka7 {[%emt 0:03:31]} 29. Qg2 {[%emt 0:00:13]} Qb1 {[%emt 0:01:50]} 30. Qf1 {[%emt 0:01:28]} Qb2 {[%emt 0:00:37]} 31. Qf3 {[%emt 0:01:35]} Be7 {[%emt 0:00:09]} 32. f5 $15 {[%emt 0:00:23]} (32. Qg2 $11) 32... e5 {[%emt 0:04:52]} 33. dxe5 {[%emt 0:00:02]} Qxe5 {[%emt 0:00:13]} 34. Qf4 {[%emt 0:00:14]} Qxf4 {[%emt 0:00:07]} 35. exf4 {[%emt 0:00:00]} Bc5 {[%emt 0:01:38]} 36. Nf3 {[%emt 0:00:34]} Nh5 {[%emt 0:00:01]} 37. Ng5 {[%emt 0:00:14]} Nxf4+ {[%emt 0:04:24]} 38. Kf3 {[%emt 0:00:00]} Nxd3 {[%emt 0:00:02]} 39. cxd3 {[%emt 0:00:01]} f6 {[%emt 0:00:14]} 40. Nxh7 {[%emt 0:00:33]} Be7 {[%emt 0:00:07]} 41. Kg4 {[%emt 0:30:16]} Kb6 {[%emt 0:33:27]} 42. Kh5 {[%emt 0:00:45]} Kxb5 {[%emt 0:00:07]} 43. Kg6 {[%emt 0:00:04]} c5 {[%emt 0:01:29]} 44. Nxf6 {[%emt 0:00:00]} Bxf6 {[%emt 0:00:00]} 45. Kxf6 {[%emt 0:00:00]} c4 {[%emt 0:00:00]} 46. dxc4+ {[%emt 0:00:00]} dxc4 {[%emt 0:00:00]} 47. Kg6 {[%emt 0:00:00]} c3 {[%emt 0:00:00]} 48. f6 {[%emt 0:00:00]} c2 {[%emt 0:00:00]} 49. f7 {[%emt 0:00:00]} c1=Q {[%emt 0:00:00]} 50. f8=Q {[%emt 0:00:00]} Qg1+ {[%emt 0:00:00]} 51. Kh5 {[%emt 0:00:00]} Qg2 {[%emt 0:00:00]} 52. h4 {[%emt 0:00:00]} Qe2+ {[%emt 0:00:00]} 53. Kg5 {[%emt 0:00:00]} Qg2+ {[%emt 0:00:00]} 54. Kh6 {[%emt 0:00:00]} Qd2+ {[%emt 0:00:00]} 55. Kg6 {[%emt 0:00:00]} Qg2+ {[%emt 0:00:00]} 56. Kh6 {[%emt 0:00:00]} Qd2+ {[%emt 0:00:00]} 1/2-1/2

[Event "LTU-chT 2019"]
[Site "Lithuania"]
[Date "2019.03.30"]
[Round "3.9"]
[White "Sarauskas, Andrius"]
[Black "Muningis, Paulius"]
[Result "0-1"]
[WhiteElo "1703"]
[BlackElo "2146"]
[Annotator "NA"]
[PlyCount "98"]
[EventDate "2019.01.26"]
[EventType "team-tourn"]
[EventCountry "LTU"]
[SourceTitle "playchess.com"]
[Source "ChessBase"]
[SourceQuality "1"]
[TimeControl "40/5400+30:1800+30"]

1. Nf3 {[%emt 0:00:00]} g6 {[%emt 0:01:04]} 2. g3 {[%emt 0:00:00]} Bg7 {[%emt 0:00:08]} 3. Bg2 {[%emt 0:00:00]} e5 {[%emt 0:02:30]} 4. O-O {[%emt 0:03:08]} d5 {[%emt 0:05:32]} 5. d3 {[%emt 0:07:12]} Nc6 {[%emt 0:01:43]} 6. Nbd2 {[%emt 0:14:55]} Nf6 {[%emt 0:09:41]} 7. e4 {[%emt 0:03:44]} O-O {[%emt 0:01:12]} 8. Re1 {[%emt 0:02:32]} Re8 {[%emt 0:08:28]} 9. c3 {[%emt 0:01:21]} h6 {[%emt 0:01:42]} 10. Qc2 {[%emt 0:04:37]} Be6 {[%emt 0:07:07]} 11. exd5 {[%emt 0:03:13]} Nxd5 {[%emt 0:02:59]} 12. Nc4 {[%emt 0:09:04]} Bf5 {[%emt 0:04:17]} 13. Nh4 {[%emt 0:07:01]} Be6 {[%emt 0:01:43]} 14. Nf3 {[%emt 0:00:12]} Bf5 {[%emt 0:09:59]} 15. Nh4 $11 {[%emt 0:01:44]} Bg4 {[%emt 0:11:26]} 16. h3 {[%emt 0:06:41]} Be6 {[%emt 0:01:40]} 17. Nf3 {[%emt 0:00:22]} Bf5 {[%emt 0:03:16]} 18. Nh4 {[%emt 0:03:13]} Be6 {[%emt 0:07:31]} 19. Nf3 {[%emt 0:01:21]} Bf5 {[%emt 0:00:15]} 20. Nh4 {[%emt 0:03:57]} Be6 {[%emt 0:00:02]} 21. Ne3 {[%emt 0:06:11]} Qd7 {[%emt 0:00:41]} 22. Nxd5 {[%emt 0:06:41]} Bxd5 {[%emt 0:00:02]} 23. Be3 {[%emt 0:00:35]} Rad8 {[%emt 0:00:53]} 24. Rad1 {[%emt 0:00:50]} Bxg2 {[%emt 0:00:07]} 25. Kxg2 {[%emt 0:05:01]} Qd5+ {[%emt 0:00:02]} 26. Kh2 {[%emt 0:01:39]} Qxa2 {[%emt 0:00:31]} 27. Qe2 {[%emt 0:01:31]} Qd5 {[%emt 0:00:28]} 28. Qg4 {[%emt 0:01:00]} Qe6 {[%emt 0:00:41]} 29. Qa4 {[%emt 0:00:52]} Qd5 {[%emt 0:01:16]} 30. Qg4 {[%emt 0:00:14]} Qb3 {[%emt 0:01:38]} 31. Bc1 {[%emt 0:01:42]} Qd5 {[%emt 0:01:00]} 32. Ng2 {[%emt 0:00:34]} Qb5 {[%emt 0:01:13]} 33. Ne3 {[%emt 0:03:31]} Rxd3 {[%emt 0:01:13]} 34. Rxd3 {[%emt 0:01:28]} Qxd3 {[%emt 0:00:02]} 35. Rd1 {[%emt 0:00:08]} Qb5 {[%emt 0:00:43]} 36. Rd7 {[%emt 0:01:05]} Re7 {[%emt 0:03:36]} 37. Rd5 {[%emt 0:00:28]} Qb3 {[%emt 0:00:48]} 38. Qc8+ {[%emt 0:00:39]} Kh7 {[%emt 0:00:26]} 39. h4 {[%emt 0:00:20]} h5 {[%emt 0:01:56]} 40. Rd7 {[%emt 0:00:26]} Qe6 {[%emt 0:00:16]} 41. Rxc7 {[%emt 0:01:41]} Qxc8 {[%emt 0:01:17]} 42. Rxc8 {[%emt 0:00:01]} Rd7 {[%emt 0:00:49]} 43. Nc4 {[%emt 0:05:13]} Ne7 {[%emt 0:05:51]} 44. Rc5 {[%emt 0:00:48]} f6 {[%emt 0:04:52]} 45. Nd2 {[%emt 0:08:12]} b6 {[%emt 0:01:20]} 46. Rc4 {[%emt 0:01:16]} Kg8 {[%emt 0:02:39]} 47. Ne4 {[%emt 0:02:07]} Kf7 {[%emt 0:00:28]} 48. b3 {[%emt 0:01:25]} Bf8 {[%emt 0:03:28]} 49. Ba3 {[%emt 0:02:40]} b5 {[%emt 0:00:49]} 0-1